000 00713nam a2200253 a 4500
005 20230917084939.0
008 970204s1996 sa k 001 0 eng
020 _a0702135461
082 0 0 _a346.7 HOC
245 0 0 _aHocklyʾs insolvency law /
_cRobert Sharrock ... [et al.].
246 3 0 _aInsolvency law
250 _a6th ed.
260 _aKenwyn :
_bJuta,
_c1996.
300 _bforms ;
_c25 cm.
500 _aRev. ed. of: Hockly's insolvency law / Elmarie de la Rey. 5th ed. 1990.
500 _aIncludes index.
650 0 _aBankruptcy
700 1 _aSharrock, Robert.
700 1 _aDe la Rey, E. M.
700 1 _avan der Linde, K.
700 1 _aSmith, A.
942 _cBK
_6EMILLIE
999 _c6
_d6